[Event "SUI-chT"]
[Site "Switzerland"]
[Date "2015.06.28"]
[Round "5.5"]
[White "Gruenenwald, Joerg"]
[Black "Lienhard, Alex"]
[Result "1-0"]
[WhiteElo "2339"]
[BlackElo "2219"]
[PlyCount "113"]
[EventDate "2015.03.29"]
[EventType "team-tourn"]
[EventRounds "9"]
[EventCountry "SUI"]
[SourceTitle "EXT 2016"]
[Source "ChessBase"]
[SourceDate "2015.10.08"]
[SourceVersion "1"]
[SourceVersionDate "2015.10.08"]
[SourceQuality "1"]
[WhiteTeam "Zuerich"]
[BlackTeam "Neuchatel"]
[WhiteTeamCountry "SUI"]
[BlackTeamCountry "SUI"]

1. d4 Nf6 2. c4 e6 3. Nf3 d5 4. g3 dxc4 5. Qa4+ Nc6 6. Qxc4 Qd5 7. Qd3 Nb4 8. Qd1 c5 9. a3 Nc6 10. Nc3 Qd8 11. dxc5 Qxd1+ 12. Nxd1 Bxc5 13. b4 Bd4 14. Bb2 Bxb2 15. Nxb2 Bd7 16. Nd3 Rc8 17. Bg2 Ke7 18. 0-0 Rhd8 19. Rfc1 b6 20. Kf1 Ne4 21. Ke1 f6 22. Nfe5 Nxe5 23. Bxe4 Nf7 24. Bxh7 Rh8 25. Rxc8 Bxc8 26. Rc1 Nd6 27. Rc7+ Bd7 28. Bg6 Rh6 29. Nf4 Nb5 30. Rb7 Kd8 31. Bd3 Kc8 32. Rxd7 Kxd7 33. Bxb5+ Kd6 34. h4 g5 35. Ng2 gxh4 36. Nxh4 Rh5 37. Bd3 a5 38. Kd2 axb4 39. axb4 f5 40. f4 Rh8 41. Nxf5+ exf5 42. Bxf5 Rh2 43. Ke3 Kd5 44. Bd3 Rh3 45. Kf3 Kd4 46. b5 Rh1 47. g4 Rf1+ 48. Kg3 Ke3 49. f5 Rg1+ 50. Kh4 Kf4 51. Kh5 Ke5 52. Kg5 Rf1 53. Kg6 Rg1 54. g5 Kf4 55. e3+ Kxe3 56. f6 Kxd3 57. f7 1-0

[Event "SUI-chT"]
[Site "Switzerland"]
[Date "2015.04.26"]
[Round "3.6"]
[White "Lienhard, Alex"]
[Black "Landenbergue, Claude"]
[Result "0-1"]
[WhiteElo "2219"]
[BlackElo "2366"]
[PlyCount "56"]
[EventDate "2015.03.29"]
[EventType "team-tourn"]
[EventRounds "9"]
[EventCountry "SUI"]
[SourceTitle "EXT 2016"]
[Source "ChessBase"]
[SourceDate "2015.10.08"]
[SourceVersion "1"]
[SourceVersionDate "2015.10.08"]
[SourceQuality "1"]
[WhiteTeam "Neuchatel"]
[BlackTeam "Geneve"]
[WhiteTeamCountry "SUI"]
[BlackTeamCountry "SUI"]

1. e4 d6 2. d4 Nf6 3. Nc3 Nbd7 4. Bg5 e5 5. Nf3 Be7 6. Qd2 0-0 7. 0-0-0 c6 8. dxe5 dxe5 9. Bxf6 Bxf6 10. g4 Be7 11. g5 Qc7 12. Nh4 Nc5 13. Nf5 Ne6 14. h4 Rd8 15. Qe3 Rxd1+ 16. Nxd1 Nd4 17. Nxe7+ Qxe7 18. f4 Bg4 19. fxe5 Bxd1 20. Qxd4 Bf3 21. Rh3 Rd8 22. Qxd8+ Qxd8 23. Rxf3 Qa5 24. c3 Qxa2 25. Rd3 Kf8 26. Rd1 Qa1+ 27. Kc2 Qa4+ 28. Kd3 Qxd1+ 0-1

[Event "SUI-chT"]
[Site "Switzerland"]
[Date "2015.03.29"]
[Round "1.5"]
[White "Lienhard, Alex"]
[Black "Buss, Ralph"]
[Result "1/2-1/2"]
[WhiteElo "2219"]
[BlackElo "2375"]
[PlyCount "133"]
[EventDate "2015.03.29"]
[EventType "team-tourn"]
[EventRounds "9"]
[EventCountry "SUI"]
[SourceTitle "EXT 2016"]
[Source "ChessBase"]
[SourceDate "2015.10.08"]
[SourceVersion "1"]
[SourceVersionDate "2015.10.08"]
[SourceQuality "1"]
[WhiteTeam "Neuchatel"]
[BlackTeam "Riehen"]
[WhiteTeamCountry "SUI"]
[BlackTeamCountry "SUI"]

1. e4 e6 2. d4 d5 3. Nc3 Nf6 4. Bg5 dxe4 5. Nxe4 Be7 6. Bxf6 gxf6 7. Nf3 f5 8. Ned2 c5 9. Nb3 cxd4 10. Nbxd4 Bf6 11. Bb5+ Bd7 12. Qe2 Qa5+ 13. c3 Bxb5 14. Qxb5+ Qxb5 15. Nxb5 Na6 16. Nd6+ Ke7 17. 0-0-0 Nc5 18. Rhe1 Kf8 19. Ne5 Bxe5 20. Rxe5 b6 21. b4 Nd7 22. Nxf7 Nxe5 23. Nxe5 Rg8 24. g3 Rg7 25. Rd4 Ke8 26. Kd2 Rd8 27. Ke3 Rxd4 28. Kxd4 Rc7 29. c4 Ke7 30. f4 Rc8 31. Kc3 h5 32. Nf3 Rd8 33. Kc2 Kd6 34. Ng5 Rd7 35. Nf3 a6 36. a3 Rd8 37. Kc3 Ke7 38. Nd4 Rc8 39. Nf3 Rd8 40. Nd4 Kd6 41. Nf3 a5 42. b5 Ke7 43. Nd4 Kf6 44. c5 bxc5 45. Nc6 Rd1 46. b6 Rb1 47. Nb4 cxb4+ 48. Kc2 Rh1 49. b7 Rxh2+ 50. Kb3 Rg2 51. b8Q Rxg3+ 52. Kc4 Rxa3 53. Qf8+ Kg6 54. Kd4 h4 55. Qg8+ Kf6 56. Qf8+ Kg6 57. Ke5 Re3+ 58. Kd6 Kh5 59. Qg8 Rg3 60. Qh8+ Kg4 61. Kxe6 h3 62. Qh6 b3 63. Qg5+ Kf3 64. Qxf5 h2 65. Qh5+ Kg2 66. Qe2+ Kg1 67. Qe1+ 1/2-1/2

[Event "SUI-chB"]
[Site "Flims"]
[Date "2012.07.19"]
[Round "8"]
[White "Lienhard, Alex"]
[Black "Filipovic, Branko"]
[Result "0-1"]
[WhiteElo "2099"]
[BlackElo "2407"]
[PlyCount "116"]
[EventDate "2012.07.12"]
[EventType "swiss"]
[EventRounds "9"]
[EventCountry "SUI"]
[SourceTitle "CBM 149 Extra"]
[Source "ChessBase"]
[SourceDate "2012.08.24"]
[SourceVersion "1"]
[SourceVersionDate "2012.08.24"]
[SourceQuality "1"]

1. e4 b6 2. d4 Bb7 3. Bd3 Nf6 4. Nd2 e6 5. Ngf3 c5 6. c3 cxd4 7. cxd4 Ba6 8. Bxa6 Nxa6 9. 0-0 Be7 10. e5 Nd5 11. Ne4 0-0 12. Qe2 Nac7 13. Bd2 f5 14. exf6 gxf6 15. Bh6 Rf7 16. Rac1 Kh8 17. Nfd2 f5 18. Ng3 d6 19. Qh5 Qg8 20. Nf3 f4 21. Ne4 Rf5 22. Bg5 Qg7 23. h4 Rg8 24. Rc6 Ne8 25. Rc8 Nef6 26. Rxg8+ Kxg8 27. Nxf6+ Nxf6 28. Bxf6 Rxh5 29. Bxg7 Kxg7 30. Rc1 Ra5 31. Rc7 Kf8 32. a3 h6 33. Kf1 Rb5 34. Rc2 Bf6 35. Ke2 Ke8 36. Kd3 Kd7 37. g4 fxg3 38. fxg3 Rb3+ 39. Ke2 h5 40. Rd2 Kc6 41. Kf2 Kd5 42. Kg2 a5 43. Ng1 Bxd4 44. Ne2 e5 45. Nc3+ Ke6 46. Nd1 b5 47. Rc2 a4 48. Rd2 d5 49. Rc2 Kf5 50. Rc6 Bxb2 51. Rh6 Bd4 52. Rxh5+ Kg6 53. Rg5+ Kf6 54. g4 Rb1 55. Rf5+ Ke6 56. Rf1 b4 57. g5 b3 58. g6 e4 0-1

[Event "SUI-chB"]
[Site "Flims"]
[Date "2012.07.18"]
[Round "7"]
[White "Duport, Nicolas"]
[Black "Lienhard, Alex"]
[Result "0-1"]
[WhiteElo "2218"]
[BlackElo "2099"]
[PlyCount "56"]
[EventDate "2012.07.12"]
[EventType "swiss"]
[EventRounds "9"]
[EventCountry "SUI"]
[SourceTitle "CBM 149 Extra"]
[Source "ChessBase"]
[SourceDate "2012.08.24"]
[SourceVersion "1"]
[SourceVersionDate "2012.08.24"]
[SourceQuality "1"]

1. e4 c5 2. Nf3 e6 3. d4 cxd4 4. Nxd4 Nc6 5. Nc3 Qc7 6. Be3 a6 7. Be2 Nf6 8. 0-0 b5 9. Nxc6 dxc6 10. f3 Be7 11. a4 b4 12. Nb1 Bd6 13. Kh1 Bxh2 14. f4 Bg3 15. Rf3 Nh5 16. e5 g5 17. fxg5 Bxe5 18. Nd2 Ng3+ 19. Kg1 c5 20. Nc4 Bb7 21. Rf2 Ne4 22. Rxf7 Bh2+ 23. Kh1 Kxf7 24. Bd3 Ke7 25. Qg4 Qg3 26. Qe2 Qh4 27. Bxe4 Bxe4 28. Bxc5+ Bd6+ 0-1

[Event "SUI-chB"]
[Site "Flims"]
[Date "2012.07.17"]
[Round "6"]
[White "Lienhard, Alex"]
[Black "Grandadam, Nicolas"]
[Result "0-1"]
[WhiteElo "2099"]
[BlackElo "2317"]
[PlyCount "44"]
[EventDate "2012.07.12"]
[EventType "swiss"]
[EventRounds "9"]
[EventCountry "SUI"]
[SourceTitle "CBM 149 Extra"]
[Source "ChessBase"]
[SourceDate "2012.08.24"]
[SourceVersion "1"]
[SourceVersionDate "2012.08.24"]
[SourceQuality "1"]

1. e4 c5 2. Nf3 e6 3. d4 cxd4 4. Nxd4 a6 5. Nc3 Qc7 6. Be3 Bb4 7. Qd2 Nf6 8. f3 d5 9. Bd3 e5 10. Nde2 d4 11. Nxd4 exd4 12. Bxd4 Nc6 13. a3 Nxd4 14. axb4 0-0 15. 0-0 Be6 16. Rfe1 Rfd8 17. e5 Ne8 18. Kh1 Bc4 19. Qg5 Bxd3 20. cxd3 Nc2 21. Ne4 Qb6 22. Qe7 Qe6 0-1

[Event "SUI-ch"]
[Site "Graechen"]
[Date "2009.07.09"]
[Round "1"]
[White "Lienhard, Alex"]
[Black "Huss, Andreas"]
[Result "0-1"]
[WhiteElo "1960"]
[BlackElo "2330"]
[PlyCount "130"]
[EventDate "2009.07.09"]
[EventType "swiss"]
[EventRounds "9"]
[EventCountry "SUI"]
[SourceTitle "CBM 131 Extra"]
[Source "ChessBase"]
[SourceDate "2009.09.03"]
[SourceVersion "2"]
[SourceVersionDate "2009.09.16"]
[SourceQuality "1"]

1. e4 e6 2. d4 d5 3. Nc3 Bb4 4. e5 Qd7 5. Bd2 Bxc3 6. bxc3 b6 7. Qg4 f5 8. Qg3 Ba6 9. Bxa6 Nxa6 10. Ne2 Kf7 11. a4 c5 12. Qd3 Qb7 13. g4 Ne7 14. Bg5 fxg4 15. Bxe7 Kxe7 16. h3 gxh3 17. Rxh3 Raf8 18. Rxh7 Rxh7 19. Qxh7 Kd8 20. Qg6 Qe7 21. a5 b5 22. dxc5 Nxc5 23. Nd4 Kd7 24. Nxb5 Ne4 25. Rd1 Nxf2 26. Rd2 Nh3 27. Qg4 Nf4 28. Rd4 g5 29. Nd6 Qg7 30. Ne4 Qxe5 31. Qxg5 Rf5 32. Qg8 Kc6 33. Qa8+ Kd7 34. Kd1 Ng2 35. Kc1 Rf1+ 36. Kb2 Ne3 37. Qxa7+ Ke8 38. Nd2 Rf7 39. Qa8+ Ke7 40. Rb4 Kf6 41. Qh8+ Kf5 42. Qh5+ Kf6 43. Qh8+ Kf5 44. Qh3+ Kg6 45. Qh4 Rc7 46. Qd4 Qxd4 47. Rxd4 Nd1+ 48. Kc1 Nxc3 49. Kb2 e5 50. Rb4 Kf5 51. a6 d4 52. Nc4 Ra7 53. Nd6+ Kf4 54. Nb5 Nxb5 55. Rxb5 Rxa6 56. Kc1 e4 57. Kd2 Rh6 58. Rb8 Rh2+ 59. Kd1 Ke3 60. Rb3+ d3 61. cxd3 exd3 62. Kc1 Rh1+ 63. Kb2 Ke2 64. Rb8 d2 65. Re8+ Kf3 0-1

[Event "Lugano New op 3rd"]
[Site "Lugano"]
[Date "2009.05.01"]
[Round "2"]
[White "Wehli, Luc"]
[Black "Lienhard, Alex"]
[Result "0-1"]
[WhiteElo "1691"]
[BlackElo "1907"]
[PlyCount "48"]
[EventDate "2009.04.30"]
[EventType "swiss"]
[EventRounds "6"]
[EventCountry "SUI"]
[SourceTitle "EXT 2011"]
[Source "ChessBase"]
[SourceDate "2010.11.26"]
[SourceVersion "1"]
[SourceVersionDate "2010.11.26"]
[SourceQuality "1"]

1. e4 c5 2. b4 cxb4 3. a3 d5 4. exd5 Qxd5 5. Bb2 Qe4+ 6. Ne2 Nf6 7. d3 Qc6 8. axb4 Bg4 9. f3 Bh5 10. Nd4 Qb6 11. c3 Nc6 12. Nb3 Rd8 13. Nc5 e6 14. Ba3 Nd5 15. Qd2 Bd6 16. Qg5 Bg6 17. g3 Be7 18. Qc1 Bf6 19. d4 Ncxb4 20. Na4 Qa5 21. Qb2 Nc2+ 22. Kf2 Bxd4+ 23. cxd4 Qe1+ 24. Kg2 Nf4+ 0-1

[Event "Lugano New op 3rd"]
[Site "Lugano"]
[Date "2009.04.30"]
[Round "1"]
[White "Lienhard, Alex"]
[Black "Dragojlovic, Andjelko"]
[Result "0-1"]
[WhiteElo "1907"]
[BlackElo "2404"]
[PlyCount "110"]
[EventDate "2009.04.30"]
[EventType "swiss"]
[EventRounds "6"]
[EventCountry "SUI"]
[SourceTitle "EXT 2011"]
[Source "ChessBase"]
[SourceDate "2010.11.26"]
[SourceVersion "1"]
[SourceVersionDate "2010.11.26"]
[SourceQuality "1"]

1. e4 c5 2. Nc3 g6 3. f4 Bg7 4. Nf3 e6 5. e5 d6 6. Ne4 dxe5 7. fxe5 Nc6 8. Bb5 Nge7 9. Nd6+ Kf8 10. 0-0 Nf5 11. Nxf5 exf5 12. Bxc6 bxc6 13. d3 Be6 14. Qe1 Kg8 15. Qc3 Qd5 16. b3 h6 17. Be3 Bf8 18. Rad1 g5 19. Nd2 Rh7 20. Nc4 f4 21. Bc1 Qd4+ 22. Qxd4 cxd4 23. Bb2 Rd8 24. Nd2 Kg7 25. Ne4 Rh8 26. Nf6 Be7 27. g3 fxg3 28. hxg3 h5 29. Rde1 c5 30. Re4 Rh6 31. Bc1 Kg6 32. Kg2 Bf5 33. Re2 h4 34. Ref2 Be6 35. g4 h3+ 36. Kh2 Rh4 37. Rg1 Rdh8 38. Rg3 Bd8 39. Ba3 Bc7 40. Re2 Bxe5 41. Rxe5 Kxf6 42. Re4 Kg6 43. Bxc5 Rc8 44. b4 Bxa2 45. Rxd4 a5 46. Rd6+ Be6 47. c4 axb4 48. Bxb4 Ra8 49. Rxh3 Ra2+ 50. Kg3 Rxg4+ 51. Kf3 Kf5 52. Rc6 Rxc4 53. dxc4 g4+ 54. Kg3 gxh3 55. Kxh3 Kf4+ 0-1